000 00505 a2200145 4500
001 ART_46021
005 20260410161731.0
008 260409a
245 1 0 _aGestión del conocimiento en una oficina de extensión agropecuaria del sudoeste bonaerense
100 1 _aFernández Nunes, Neubher
700 1 _aChavez, Etelvina
700 1 _aPalmiteste, Ariel
700 1 _aOria, Leandro
773 0 _tEscritos contables y de administración
_g- Vol. 6, Nº 2 (jul./dic. 2015)
_wREV2758
999 _c17835
_d17835